00920nam a2200205 i 450000100060000000300090000600500170001500700030003200800410003510000450007624501890012126000500031030000210036053000350038165000360041671000230045285200670047585200660054285601060060876752ES-MaACL20251005063054.0t|041005s1915 sp |||| | spa d1 aGuichot y Sierra, Alejandro, d1859-194110aNotas acerca del cultivo de las artes y de las ciencias y especialmente de la filosofía en Sevilla b: conferencia de Don Alejandro Guichot en el Ateneo, el día 6 de marzo de 1915. aSevilla : b[s.n.], c1915 (fImp. Arévalo) a26 p. ; c20 cm. aDisponible en formato digital. 7aFilosofía-zEspaña-yS.XX22 aAteneo de Sevilla. aES-MaACLjT-1464-F-9cDEPOFzRevisado enlace: 26 Marzo de 2025 aES-MaACLj1492-F-13cDEPOFzRevisado enlace: 26 Marzo de 2025 uhttp://mdc.csuc.cat/cdm/ref/collection/fulletsAB/id/25232#dcId=1553793637853&p=1yAteneu Barcelonès